Представление документа в формате RUSMARC

ПолеНазваниеЗначение
  Тип записи a
  Библиографический уровень m
001 Контрольный номер 94108993e4fb4160b3aedcd23354920c
005 Дата корректировки 20170609154917.0
010 Индекс ISBN __
a ISBN 978-5-4468-2005-4
101 Язык документа 0_
a Язык текста rus
102 Страна публикации __
a Страна публикации RU
200 Заглавие и сведения об ответственности 1_
a Заглавие Основы безопасности жизнедеятельности
b Общее обозначение материала Текст
e Сведения, относящиеся к заглавию учебник
205 Сведения об издании __
a Основные сведения об издании 10-е изд., стер.
210 Выходные данные 1_
a Место издания М.
c Издательство Академия
d Дата издания 2015
215 Физическое описание __
a Объем 336 с.
225 Серия 2_
a Серия Профессиональное образование
330 Аннотация __
a Аннотация Рекомендовано ФГУ "Федеральный институт развития образования" МОН РФ в качестве учебника. Гриф ФИРО. В учебнике рассмотрены основы личной безопасности и государственной системы обеспечения безопасности населения. Содержатся сведения о причинах возникновения, последствиях и профилактике чрезвычайных ситуаций мирного и военного времени, основах обороны государства и воинской обязанности.
606 Тематические рубрики __
a Основная рубрика Военное дело. Военная наука
610 Ключевые слова 0_
a Ключевые слова личная безопасность
a Ключевые слова здоровый образ жизни
a Ключевые слова чрезвычайные ситуации
a Ключевые слова гражданская оборона
a Ключевые слова инженерная защита
a Ключевые слова Вооруженные силы РФ
a Ключевые слова первая помощь
686 Индексы других классификаций __
a Классификационный индекс 68.9
700 Автор _1
a Фамилия Косолапова
b Имя Н.В.
701 Альтернативная интеллектуальная ответственность _1
a Фамилия Прокопенко
b Имя Н.А.
801 Источник записи _0
a Страна RU
b Организация РУК
c Дата составления 20150902
g Правила каталогизации PSBO
801 Источник записи _1
a Страна RU
b Организация РУК
c Дата составления 20150902
g Правила каталогизации PSBO
852 Данные о местонахождении __
i Авторский знак К 71
j Шифр хранения 68.9
901 Тип документа __
t Тип документа m
937 Технологическая информация __
a Создатель записи (имя) Фомина
938 Служебная информация __
a Название организации Волгоградский филиал